000 00680nam a2200265Ia 4500
005 20260302115601.0
008 008 260114s9999 xx 000 0 eng d
020 _a9781474243025
037 _aTextbook
040 _aCRL
040 _beng
040 _cCRL
041 _2eng
041 _aeng
084 _qCRL
100 _aRichard Proudfoot
_91122060
245 0 _aShakespeare: Text, Stage & Canon
260 _bBloomsbury
260 _bThe Arden Shakespeare
260 _c2015
650 _aLiterary Studies
856 _uhttps://doi.org/10.5040/9781474243025?locatt=label:secondary_bloomsburyCollections
942 _cEBOOK
999 _c1686735
_d1686735